Shake It Off lyrics - Statistics

General Stats
  • This quiz has been taken 397 times
  • The average score is 395 of 467
Answer Stats
Lyrics % Correct
I
100%
I,
100%
go
99%
mm,
99%
a
97%
it
97%
my
97%
My
97%
of
97%
shake,
97%
shake
97%
Shake
97%
to
97%
off,
96%
off
96%
the
95%
And
94%
and
94%
gonna
94%
just
93%
Just
93%
be
92%
hate,
92%
hate
92%
haters
92%
I'm
92%
Got
91%
got
91%
in
91%
man
91%
but
90%
But
90%
say,
90%
what
90%
"Oh
89%
oh
89%
on
89%
That's
88%
that's
88%
this
88%
nothing
87%
too
87%
like
86%
like,
86%
people
86%
play,
86%
play
86%
brain
85%
can't
85%
Can't
85%
late
85%
won't
85%
Won't
85%
It's
84%
"It's
84%
players
84%
stay
84%
stop,
84%
stop
84%
moving
83%
alright"
82%
mind
81%
out
81%
Baby,
79%
baby?
79%
keep
79%
many
79%
dates,
78%
beat
77%
make
77%
saying,
77%
you
77%
ex
76%
new
76%
'Cause
75%
'em
75%
girlfriend
75%
God!"
75%
music
75%
'Cause
74%
over
73%
over,
73%
there
73%
Yeah,
73%
good
71%
come
70%
don't
70%
hair
70%
his
70%
they
70%
mm
69%
mm,
69%
with
69%
hella
68%
At
67%
see,
67%
fella
66%
sick
66%
know,
65%
We
65%
least
64%
brought
63%
dancing
63%
own
61%
She's
61%
up
61%
could
60%
down
60%
fake,
60%
fake
60%
fakers
60%
feet
59%
grooving
58%
Hey,
58%
hey,
58%
hey
58%
dirty,
57%
dirty
57%
cruising
56%
break,
55%
break
55%
as
54%
never
53%
world,
53%
been
52%
gettin'
52%
Heartbreakers
52%
liars
52%
moves
52%
cheats
50%
miss
50%
about
48%
think
46%
lightning
45%
you've
44%
could've
43%
while
40%
No matching quizzes found
Score Distribution
Percent of People with Each Score
Percentile by Number Answered
Your Score History
You have not taken this quiz